000 00617nam a2200193Ia 4500
003 GCL
008 140319s9999 xx 000 0 ara d
040 _aGCL /
_cGCL
082 0 4 _a219
_bح ا
100 1 _aحازم عبد المتعال الصعيدى
245 1 0 _aالاسلام والخلافة فى العصر الحديث /
_cحازم عبد المتعال الصعيدى
260 _a[S.N] :
_bمكتبة الاداب ،
_c1985
300 _a367 ص
490 _a
650 0 4 _aالاسلام
650 0 4 _aالخلافة
650 0 4 _aالاسلام والاصلاح السياسى
942 _2ddc
_cBK
999 _c48193
_d48193